ბათუმის შოთა რუსთაველის სახელმწიფო უნივერსიტეტის ბიბლიოთეკა

კვების საწარმოების მადოზირებელი და შესაფუთი მოწყობილობები : (ბიბ.ჩანაწერი № 50788)

000 -ლიდერი
ფიქსირებული სიგრძის საკონტროლო ველი 01225nam a2200229Ia 4500
001 - საკონტროლო ნომერი
საკონტროლო ველი 17740
003 - საკონტროლო ნომრის იდენტიფიკატორი
საკონტროლო ველი GE_BSU
005 - ბოლო ოპერაციის თარიღი და დრო
საკონტროლო ველი 20250911164731.0
008 - ფიქსირებული სიგრძის მონაცემთა ელემენტები - ზოგადი ინფორმაცია
ფიქსირებული სიგრძის საკონტროლო ველი 181216s2015||||ge |||||||||||||| ||geo||
020 ## - წიგნის საერთაშორისო სტანდარტული ნომერი
International Standard Book Number 9789941459269
040 ## - კატალოგიზაციის წყარო
Transcribing agency GE_BSU
041 ## - ენის კოდი
Language code of text/sound track or separate title geo
080 ## - უნივერსალური ათობითი კლასიფიკაციის ინდექსი
Universal Decimal Classification number 664.02.(072) გ-59
100 ## - მთავარი ჩანაწერი - პიროვნების სახელი
Personal name გოგიშვილი, ნანა
9 (RLIN) 17001
245 ## - ცნობა სათაურის შესახებ
Title კვების საწარმოების მადოზირებელი და შესაფუთი მოწყობილობები :
Remainder of title [დამხმარე სახელმძღვანელო] /
Statement of responsibility, etc ნანა გოგიშვილი; რედაქტორი მალხაზ მიქაბერიძე.
264 ## - წარმოების, გამოცემის, დისტრიბუციის და სხვა ცნობები
გამოცემის, წარმოების, დისტრიბუციის... ადგილი ქუთაისი :
გამოცემის, წარმოების, დისტრიბუციის... სახელწოდება აკაკი წერეთლის სახ. უნ-ტი,
გამოცემის, წარმოების, დისტრიბუციის... თარიღი 2015.
300 ## - ფიზიკური აღწერა
Extent 270 გვ.:
Other physical details ნახ. ;
Dimensions 20 სმ.
504 ## - BIBLIOGRAPHY, ETC. NOTE
Bibliography, etc ბიბლიოგრაფია: გვ. 267.
653 ## - INDEX TERM--UNCONTROLLED
Uncontrolled term კვების საწარმოების შესაფუთი მოწყობილობები
700 ## - ADDED ENTRY--PERSONAL NAME
Personal name მიქაბერიძე, მალხაზ
Relator term რედაქტორი
9 (RLIN) 25796
942 ## - ADDED ENTRY ELEMENTS (KOHA)
Koha item type წიგნი
Source of classification or shelving scheme
ეგზემპლარები
ჩამოწერის სტატუსი დაკარგული ეგზემპლარის სტატუსი კლასიფიკაციის წყარო ან თაროზე გაწყობის სქემა დაზიანების სტატუსი არ გაიცემა მუდმივი მდებარეობა (დაცვის ადგილი) ამჟამინდელი ადგილსამყოფელი თაროზე განთავსების ადგილი შეძენის თარიღი სრული შენახვის შიფრი შტრიხკოდი ბოლო ოპერაციის თარიღი ეგზემპლარის მიმდევრობითი ნომერი (კეტერი?) ფასის ძალაში შესვლის თარიღი ეგზემპლარის სახეობა
          აგრარული და მემბრანული ტექნოლოგიების ინსტიტუტის ბიბლიოთეკა აგრარული და მემბრანული ტექნოლოგიების ინსტიტუტის ბიბლიოთეკა წიგნსაცავი 2018-12-17 664.02.(072) გ-59 41594 2018-12-17 41594 2018-12-17 წიგნი